| Tag |
First Indicator |
Second Indicator |
Subfields |
| LEADER |
00000cam a22000008a 4500 |
| 001 |
in00000014067 |
| 005 |
20151007052131.0 |
| 008 |
871029s1988 ne a b 10110 eng |
| 010 |
|
|
|a 87028892
|
| 020 |
|
|
|a 9027726566
|
| 035 |
|
|
|a (OCoLC)16982415
|
| 035 |
|
|
|9 AAA6417AM
|
| 040 |
|
|
|a DLC
|c DLC
|d TXA
|d UtOrBLW
|
| 049 |
|
|
|a TXAM
|c [A12607213]
|
| 050 |
0 |
0 |
|a QE371
|b .N38 1987
|
| 082 |
0 |
|
|a 549/.12
|2 19
|
| 111 |
2 |
|
|a NATO Advanced Study Institute on Physical Properties and Thermodynamic Behaviour of Minerals
|d (1987 :
|c Cambridge, England)
|
| 245 |
1 |
0 |
|a Physical properties and thermodynamic behaviour of minerals /
|c edited by Ekhard K.H. Salje.
|
| 263 |
|
|
|a 8712
|
| 264 |
|
1 |
|a Dordrecht ;
|a Boston :
|b D. Reidel Pub. Co. ;
|c [1988]
|
| 264 |
|
2 |
|a Norwell, MA, U.S.A. :
|b Sold and distributed in the U.S.A. and Canada by Kluwer Academic Publishers,
|
| 264 |
|
4 |
|c ©1988
|
| 300 |
|
|
|a xxiv, 707 pages :
|b illustrations
|
| 336 |
|
|
|a text
|b txt
|2 rdacontent
|
| 337 |
|
|
|a unmediated
|b n
|2 rdamedia
|
| 338 |
|
|
|a volume
|b nc
|2 rdacarrier
|
| 490 |
1 |
|
|a NATO ASI series. Series C, Mathematical and physical sciences ;
|v vol. 225
|
| 500 |
|
|
|a "Proceedings of the NATO Advanced Study Institute on Physical Properties and Thermodynamic Behaviour of Minerals, Cambridge, U.K., July 27- August 8, 1987"--Title page verso.
|
| 500 |
|
|
|a "Published in cooperation with NATO Scientific Affairs Division."
|
| 504 |
|
|
|a Includes bibliographies and index.
|
| 650 |
|
0 |
|a Mineralogical chemistry
|x Congresses.
|
| 650 |
|
0 |
|a Thermodynamics
|v Congresses.
|
| 700 |
1 |
|
|a Salje, Ekhard K. H.
|
| 710 |
2 |
|
|a North Atlantic Treaty Organization.
|b Scientific Affairs Division.
|
| 830 |
|
0 |
|a NATO ASI series.
|n Series C,
|p Mathematical and physical sciences ;
|v v. 225.
|
| 999 |
|
|
|a MARS
|
| 999 |
f |
f |
|s 61fd00fb-d0c9-30bc-9a7b-177592aa9ae9
|i 29fbd98d-3c91-36a9-b06c-b48a80b7b2ec
|t 0
|
| 952 |
f |
f |
|p ric
|a Texas A&M University
|b Rellis Campus
|c Joint Library Facility
|s JLF
|d Remote Storage
|t 0
|e QE371 .N38 1987
|h Library of Congress classification
|i unmediated -- volume
|m A14812607213
|
| 998 |
f |
f |
|a QE371 .N38 1987
|t 0
|l Remote Storage
|